| 000 | 00601nam a22001697a 4500 | ||
|---|---|---|---|
| 999 |
_c15704 _d15704 |
||
| 003 | AR-CdUCM | ||
| 008 | 190429b ||||| |||| 00| 0 esp d | ||
| 040 |
_aMUNICIPALIDAD PROVINCIAL DEL CUSCO _cBIBLIOTECA MUNICIPAL DEL CUSCO |
||
| 082 |
_a868.4 / _bC67 |
||
| 245 | _aLiteratura contemporánea / | ||
| 260 |
_aBuenos Aires : _bSur, _c1957. |
||
| 300 |
_a232 páginas ; _c21 cm. |
||
| 505 | _aElogio de la claridad, por Ivor Brown -- El novelista en un mundo fuera de razón, por Alan Pryce - Jones ... | ||
| 650 |
_aLiteratura contemporanea _9759 |
||
| 942 |
_2ddc _cLIBROS |
||
| 945 |
_aacrt _d2019-04-29 |
||